Satellite Launch Capable Countries - Statistics

General Stats
  • This quiz has been taken 30 times
  • The average score is 11 of 14
Answer Stats
Countries % Correct
France
100%
China
96%
Russia
96%
UK
96%
India
92%
Japan
92%
USA
92%
South Korea
88%
Israel
76%
Iran
68%
North Korea
60%
Ukraine
48%
New Zealand
40%
USSR
16%
No matching quizzes found
Score Distribution
Percent of People with Each Score
Percentile by Number Answered
Your Score History
You have not taken this quiz